Fine Arts - Visual Fine Arts | 0 | 4 | 0 | 2 | 40 | 117 | 133.50 | 0 | 1 |
History - European History | 0 | 3 | 0 | 0 | 30 | 113 | 124.00 | 0 | 2 |
Literature - American Literature | 1 | 1 | 0 | 0 | 25 | 72 | 76.50 | 0 | 2 |
Other Academic | 0 | 2 | 0 | 1 | 20 | 81 | 95.50 | 0 | 2 |
History - American History | 0 | 2 | 0 | 1 | 20 | 88 | 109.00 | 0 | 1 |
Other Science: Math | 1 | 0 | 0 | 0 | 15 | 71 | 71.00 | 1 | 1 |
Science - Physics | 1 | 0 | 0 | 0 | 15 | 61 | 61.00 | 1 | 1 |
Social Science | 1 | 0 | 0 | 0 | 15 | 78 | 78.00 | 0 | 1 |
Other Arts: Auditory | 0 | 1 | 0 | 1 | 10 | 127 | 127.00 | 0 | 0 |
Fine Arts - Auditory Fine Arts | 0 | 1 | 0 | 0 | 10 | 123 | 123.00 | 0 | 1 |
Beliefs | 0 | 1 | 0 | 1 | 10 | 125 | 125.00 | 0 | 0 |
Other Science: Computer Science | 0 | 1 | 0 | 0 | 10 | 115 | 115.00 | 0 | 1 |
Other Science: Earth Science | 0 | 1 | 0 | 0 | 10 | 136 | 136.00 | 0 | 1 |
Philosophy | 0 | 1 | 0 | 0 | 10 | 125 | 125.00 | 0 | 1 |
Science - Biology | 0 | 1 | 0 | 0 | 10 | 132 | 132.00 | 0 | 0 |
Other Arts: Visual | 0 | 0 | 1 | 0 | -5 | | 0.00 | 0 | 0 |
Other Science: Math | 0 | 0 | 1 | 0 | -5 | | 0.00 | 0 | 0 |